| 000 | 00751nam a22002177a 4500 | ||
|---|---|---|---|
| 999 |
_c65605 _d65605 |
||
| 005 | 20240530110834.0 | ||
| 008 | 191008s ua a f 000 0 ara d | ||
| 017 | _bمصر. دار الكتب | ||
| 040 |
_aEG-CaGPL _cEG-CaGPL |
||
| 082 | 0 | 4 |
_221 _a309.262 _bق/م ن |
| 110 | 0 | _aمعهد التخطيط القومى | |
| 245 | 1 | 0 |
_aندوة التوسع الحضرى/ _cمعهد التخطيط القومى |
| 260 | _aالقاهرة : | ||
| 300 |
_a751 ص.: _bايض. ، _c24سم |
||
| 650 | 0 | 7 |
_2qrmak _aالاسكان _zمصر |
| 650 | 0 | 7 |
_aالمجتمعات الحضارية _zمصر |
| 653 | _aالتوسع الحضرى | ||
| 653 | _aالنمو الحضرى - مصر | ||
| 942 |
_2ddc _cBK |
||